01619nam a2200373 a 4500001001000000003000500010005001700015008004100032010001100073011001100084040000900095090001000104100003900114245015100153260004200304500006000346502010900406590004100515590004100556590004000597590004000637590004000677650003700717650006500754650003700819650003400856856007000890901000700960942001000967942000600977999001900983952012401002952011901126000109438CHAP20220329144051.0140429s2013 mx a sm |||||||spa d a105900 a106872 cCHAP aTesis1 aValero de la Rosa, Fabiana912666210aThekopsora minima en zarzamora silvestre y su hiperparásito en la sierra norte de Puebla, Méxicoh[En línea]cpor Faviana Valero de la Rosa. aChapingo, Méx. :bEl autor.,c2013. aPara ver el contenido del material haga clic en la liga aTesis (Ing. Agr. Esp. en Parasitología Agrícola) -- UACH. Departamento de Parasitología Agrícola aBATCH-UPDb05c20140429lUCH01h1211 aBATCH-UPDb05c20141002lUCH01h0902 aE5652GLJb05c20140429lUCH01h1210 aE5652GLJb05c20140429lUCH01h1210 aE5652GLJb05c20140429lUCH01h144514aBacterias fitopatógenas.9932614aHongos fitopatógenosxFisiología y morfología.912660714aHongosxIdentificación.95610514aRoya de la zarzamora.9126672 aFinding aiduhttp://10.13.5.2/tesis/sist109438.pdfzTeclea aquí aBK cTESIS n0 c105900d105900 00102local40718TESISaBCbBCd2014-04-29fTESISl0oTesisp33724002395876r2019-12-31 00:00:00tc.2w2014-04-29yCD 00102local40718TESISaBCbBCd2014-04-29fTESISl0oTesisp33724002395918r2019-12-31 00:00:00w2014-04-29yCD